000 00860na a2200265 4500
001 22821
003 MIRAKIL
005 20181213155254.0
008 170226b tu 000 0
040 _aMilas
_btur
_cTR-AnCHP
041 _atur
082 _aCHP 949.65
_bA65 1998
090 _aCHP 949.65 A65 1998
091 _aDIŞ POLİTİKA -5
222 _aDış politika ülke raporları
245 _aArnavutluk cumhurbaşkanı Rexhep Meidani'nin Türkiye'yi ziyareti
_b11-12 Şubat 1998-Ankara ; 13 Şubat 1998-İstanbul
300 _akrş s.
_c30 sm.
610 _aCHP
_xArnavutluk
_yAraştırma ve inceleme
610 _aCHP
_xArnavutluk
_yRaporlar
610 _aCHP
_xDış ilişkiler
_yRaporlar
651 _aArnavutluk
_xSiyasal durum
_yRaporlar
740 _aCHP Arnavutluk raporu
942 _2dcc
_cBKS
999 _c9683
_d9683